| 000 | 01427nam a2200337Ia 4500 | ||
|---|---|---|---|
| 005 | 20220316235436.0 | ||
| 008 | 121119s2004 ck a gr 000 j spa | ||
| 020 | _a958633192X | ||
| 041 | 1 | _aspa | |
| 100 | 1 |
_aLondon, Jack _d1876-1916 |
|
| 245 | 1 | 3 |
_aLa quimera del oro _cJack London ; traducción, Jacinta Romano ; selección y apéndice, Francisco Cabezas Coca ; ilustración, Justo Barboza |
| 250 | _aTercera edición | ||
| 300 |
_a255 páginas _bilustraciones |
||
| 490 | 0 | _aTus libros : aventuras | |
| 505 | 0 | _aLos buscadores de oro del Norte ; El silencio blanco ; En un país lejano ; El hombre de la cicatriz ; Ley de vida ; Las mil docenas ; Diablo ; Demasiado oro ; El filón de oro ; Amor a la vida ; Lo inesperado ; La hoguera ; El burlado | |
| 650 | 1 | 4 |
_aBuscadores de oro _vCuentos _2LEMB |
| 650 | 1 | 4 |
_aCuentos estadounidenses _ySiglo XIX _2LEMB |
| 650 | 1 | 4 |
_aLiteratura juvenil _2LEMB |
| 650 | 1 | 4 |
_aMinas de oro _vCuentos _2LEMB |
| 651 | 4 |
_aAlaska (Estados Unidos) _xCondiciones sociales _937482 |
|
| 700 | 1 |
_aRomano, Jacinta _etraductor _937483 |
|
| 700 | 1 |
_aCabezas Coca, Francisco _ecompilador _937484 |
|
| 700 | 1 |
_aBarboza, Justo _eilustrador _937485 |
|
| 942 |
_2loc _cBKLIT |
||
| 264 |
_aBogotá _bRei Andes _c2004 |
||
| 336 |
_atexto _btxt _2rdacontent |
||
| 337 |
_asin mediación _bn _2rdamedia |
||
| 338 |
_avolumen _bnc _2rdacarrier |
||
| 040 |
_aCO-BoRNBP _bspa _erda _cCO-BoRNBP |
||
| 084 | _aC LON1 | ||
| 999 |
_c972 _d972 |
||